| 000 | 00969cam a2200133 4500500 | ||
|---|---|---|---|
| 005 | 20260405014532.0 | ||
| 041 | _afre | ||
| 042 | _adc | ||
| 100 | 1 | 0 |
_aMichaud, Yves _eauthor |
| 245 | 0 | 0 | _aÉgalité et inégalités : (Volume 10) |
| 260 |
_bOdile Jacob,
_c2006. |
||
| 520 | _aAccès inégal à l’éducation, fracture technologique, inégalités de traitement face à la justice, différences économiques, disparités médicales et sanitaires : les auteurs de ce volume de l’Université de tous les savoirs font le point sur les inégalités non seulement entre les individus mais aussi entre les pays et les continents. Tous réclament l’égalité, mais chacun revendique aussi son individualité. Est-il possible d’être tous égaux en évitant l’écueil de l’homogénéisation ? Et combien d’inégalités demeureront encore ? | ||
| 856 | 4 | 1 | _uhttps://shs.cairn.info/egalite-et-inegalites--9782738113245?lang=fr&redirect-ssocas=7080 |
| 999 |
_c2113904 _d2113904 |
||